01353agaaa2200301 45000010005000000030009000050050017000140070009000310080040000400400023000800410013001031000048001161300028001642450122001922500022003142600120003363000034004565080123004905110019006135200078006325380016007105460013007266500062007397000057008017000061008587000072009197000060009911690IT-RoPAU20220918181226.0d cvaizq50131s9999||||xx ||| | || ||und|| aIT-RoPAUcIT-RoPAU aITALIANO aTestori GiovannigCodice regista SPICS: 786 aFINE DELLO SCARROZZANTE aFINE DELLO SCARROZZANTEcDiretto da: Testori GiovannipFINE DELLO SCARROZZANTE (Rif. Codice opera principale : 21690) aEdizione Standard aROMA (ITALIA)bRAI - RADIO TELEVISIONE ITALIANA / Distribuzione: RAIg"1983 (1° ed.: 1983 ; Ed. Lingua Orig.: nd)" aVHSbsonoro, col.c120 minuti a"Fotografia: Lanzano' Italo; Montaggio: Bondioli Stefano; Musica: Carpi Fiorenzo; Scenografia: Fercioni Gianmaurizi; " aParenti Franco aREALIZZATO NEL SALONE LOMBARDO DI MILANO DALLA COOPERATIVA FRANCO PARENTI aPAL, STEREO aITALIANO aTEATROeTV-TEATRO/DANZA [VHS]xCodice MATERIA SPICS: 9961 aCarpi Fiorenzoe(musica)gCodice Musica SPICS: 13640 aParenti Franco e(soggetto)gCodice Soggetto SPICS: 2876 aRuth Shammah Andreee(regista)gCodice secondo regista SPICS: 32882 aTestori Giovanni e(regista)gCodice regista SPICS: 786